000 00564nam a2200241Ia 4500
003 IT-RoPAU
008 120407s9999 xx 000 0 und d
040 _aIT-RoPAU
040 _cIT-RoPAU
041 _aita
100 _aBaruch Spinosa
245 _aTrattato politico . A cura di Dino Formaggio
250 _aTorino
260 _aParavia
260 _c1950
300 _a187 p.
300 _c20 cm
490 _aBiblioteca di filosofia e pedagogia
490 _v1
600 _a"108 1/55 Ed. Carabba 1918"
942 _cBK
999 _c27706
_d27706